Higher education and social commitment : proceedings of the Regional Seminar held in Singapore 15-17 December, 1977

Bibliographic Details
Main Authors: Banphot Virasai (Author), Nasution, S. (Author)
Format: Book
Published: Singapore : RIHED , 1978
Subjects:

MARC

LEADER 00000cam a2200000 7i4500
001 0000003095
005 20071117093000.0
008 021118n
050 0 0 |a LB2301   |b .H53   |c sem 
090 0 0 |a LB2301   |b .H53 sem 
245 0 0 |a Higher education and social commitment :   |b proceedings of the Regional Seminar held in Singapore 15-17 December, 1977   |c edited by S. Nasution and Banphot Virasai 
260 2 |a Singapore :   |b RIHED ,   |c 1978 
300 |a 124 p. ; ;   |c 23 cm. 
650 0 |a Education, Higher   |z Southeast Asia   |x Aims and objectives 
700 0 |a Banphot Virasai ,   |e author 
700 0 |a Nasution, S. ,   |e author 
999 |a 1000048034   |b Seminar Papers   |c Reference   |e Gong Badak Campus 
999 |a 1000048035   |b Seminar Papers   |c Reference   |e Gong Badak Campus 
999 |a 1000048036   |b Seminar Papers   |c Reference   |e Gong Badak Campus 
999 |a 1000048037   |b Seminar Papers   |c Reference   |e Gong Badak Campus